000 00524nam a22001931c 4500
001 a987677898
008 161109s2016 gw |||| 000u rus d
020 _a9785235038639
_9978-5-235-03863-9
041 _arus
100 1 _aMatonin, Evgenij V.
245 0 0 _aJakov Bljumkin :
_bošibka rezidenta
264 _aMoskva :
_bMolodaja gvardija,
_c2016
300 _a430 Seiten
600 0 _aBljumkin, Jakov G.
942 _cMG
040 _cRU-10907106
003 RU-10907106
999 _c20477
_d20477
490 0 _aŽizn' zamečatel'nych ljudej
_v1763